000 02560cam a22005414i 4500
003 PE-LiUPU
005 20250731173241.0
008 150625s1991 xxu r 000 0 spa d
035 _a(Sirsi) a35316
040 _aPE-LiUPU
_bspa
_cPE-LiUPU
_erda
082 0 4 _a253.7
_bC45
_221
100 1 _aCerna, Miguel Angel,
_eautor.
110 2 _ahugof.
245 1 3 _aEl poder de los grupos pequeños en la Iglesia:
_bUn llamado urgente a una seria organización y entrega para la terminación de la obra de Dios /
_cMiguel Angel Cerna.
264 1 _aNewbury Park, CA :
_bEl Camino Publico,
_c1991.
300 _a276 páginas ;
_c22 centímetros
336 _atext
_2rdacontent
337 _aunmediated
_2rdamedia
338 _avolume
_2rdacarrier
505 0 _aEl porque de los grupos pequeños -- donde se desarrollan los grupos pequeños -- como funcionan los grupos pequeños -- quien hace que los grupos tengan exito -- cuando deben comenzar los grupos pequeños.
526 _aSEG42
526 _aSEG41
526 _aSEG40
526 _aSEG39
526 _aP94
526 _aP87
526 _aP86
526 _aP85
526 _aP77
526 _aP76
526 _aP35
650 0 4 _aGrupos pequeños
_xIASD.
650 0 4 _aLiderazgo cristiano.
650 0 4 _aSmall groups.
650 0 4 _aChristian leadership.
910 _cjcv
_d20171204
942 _2ddc
_cBOOK
949 _a253.7 C45
_wDEWEY
_c1
_i36356
_lCCODEBUL1
_mBUL
_p15.00
_r0
_sY
_tBOOK
_u2015-06-25
_xBIBLIOTECA
_zUNKNOWN
_0COMPRA
_o.STAFF. Colección Teología
949 _a253.7 C45
_wDEWEY
_c2
_i36355
_lCCODEBUL1
_mBUL
_p15.00
_r0
_sY
_tBOOK
_u2015-06-25
_xBIBLIOTECA
_zUNKNOWN
_0COMPRA
_o.STAFF. Colección Teología
949 _a253.7 C45
_wDewey
_c1
_iFT03416
_lCCODEBUT1
_mBUT
_n1
_p15.00
_sY
_tBOOK
_xBIBLIOTECA
_zUNKNOWN
_0DONACIÓN
_o.STAFF. Colección Teología
596 _a1 2
999 _a253.7 C45
_wDEWEY
_c43267
_i36356
_d43267
_e2018-1-22
_f2021-11-12
_g5
_lCCODEBUL1
_mBUL
_n2
_r0
_sY
_tBOOK
_u2015-6-25
_xTEOLOGIA
_zUNKNOWN
_0COMPRA
_o.STAFF. Colección General
999 _a253.7 C45
_wDEWEY
_c2
_i36355
_d2018-9-18
_e2016-8-19
_f2021-11-12
_g6
_lCCODEBUL1
_mBUL
_n7
_p15.00
_q1
_r0
_sY
_tBOOK
_u2015-6-25
_xTEOLOGIA
_zUNKNOWN
_0COMPRA
_o.PUBLIC.
_o.STAFF. Colección Teología
999 _a253.7 C45
_wDEWEY
_c1
_iFT03416
_f2019-2-20
_g1
_lCCODEBUT1
_mBUT
_p15.00
_r0
_sY
_tBOOK
_u2017-12-4
_xUNKNOWN
_zUNKNOWN
_0DONACION
980 _81
_gALBERTO SANCHEZ Responsable de Automatización